Datum a čas kvízu
24
Celkem bodů
Celkový počet nahraných bodů na tomto kvízu bez doplňovacích otázek.
6.
Pořadí na kvízu
Konečné umístění týmu na tomto kvízu.
Zaznamenané odpovědi
| # | Otázka | Odpověď | Body | Výsledky |
|---|---|---|---|---|
| 1. | V pátek bylo překlenuto Labe p... | Pardubice | 1 | |
| 2. | Ve středu večer způsobil jeden... | D) tráva | 0 | |
| 3. | V pátek 12. 7. 2024 vydal Emin... | 12. album | 1 | |
| 4. | Čínské úřady tento týden přist... | A) hadů | 0 | |
| 5. | Estonci Jaanu Roosemu se minul... | chůze po laně | 1 | |
| 6. | Ve kterých dvou variantách se... | C | 1 | |
| 7. | Ze kterého prostředí pochází k... | A | 1 | |
| 8. | Kterým jedenáctipísmenným slov... | hipoterapie | 1 | |
| 9. | Kam byste správně koni umístil... | A | 1 | |
| 10. | Koně jsou s člověkem spojení j... | Moravskoslezský kraj | 1 |